Statistics for Motorsport Trivia #2

Click here to take the quiz!

General Stats

  • This quiz has been taken 254 times
  • The average score is 8 of 15

Answer Stats

QuestionAnswer% Correct
In which Group was the Audi Quattro S1?Group B
97%
How many times did the Ford GT40 win the Le Mans 24 Hours?4
81%
Which tyre manufacturer withdrew all of it's cars from the 2005 US Grand Prix?Michelin
76%
Who scored BMW's only Formula 1 win?Robert Kubica
64%
Which Formula 1 team won a race with the 'fan car'?Brabham
63%
Who is the head of Formula One Management?Bernie Ecclestone
62%
Which British driver has won the F1 World Championship, the Indy 500 and Le Mans 24 Hours?Graham Hill
60%
What year was the film 'Grand Prix' filmed in?1966
53%
At which circuit did Jim Clark die in 1968?Hockenheimring
52%
Who has won the most British Touring Car Championship races in History?Jason Plato
41%
What is Joey Logano's 2013 Nascar Sprint Cup number?22
40%
Which French manufacturer won over 1000 races in the 1920s?Bugatti
35%
Which country is World Rally co-driver Daniel Elena from?Monaco
35%
Which former World Touring Car Champion now owns the ROAL team?Roberto Ravaglia
5%
Who said, "the best thing a dressed man can do is drive sideways?"Massimo Biasion
3%

Score Distribution

Percentile by Number Answered

Percent of People with Each Score

Your Score History

You have not taken this quiz